Ciencias Sociales en América Latina y el Caribe

Na minha lista:
Detalhes bibliográficos
Autor Corporativo: CLACSO
Formato: Texto
Publicado em: Buenos Aires: CENEDIC. CLACSO
Tags: Adicionar Tag
Sem tags, seja o primeiro a adicionar uma tag!

MARC

LEADER 00000 a a2200000 04500
001 29871
003
040 |a CRAI/IIS  |c CRAI/IIS 
090 |a 194113  |b RECURSO ELECTRONICO  
110 |a CLACSO  
245 |a Ciencias Sociales en América Latina y el Caribe  
260 |a Buenos Aires:   |b CENEDIC. CLACSO  
500 |a También impreso No. de acceso 14560Debe ser instaladoTambién impreso No. de acceso 14560Debe ser instalado  
999 |c 17040  |d 17040